UK Christmas Number 1s (1952-2023) - Statistics

General Stats
  • This quiz has been taken 230 times
    47 since last reset
  • The average score is 31 of 72
Answer Stats
Year Song Title Artist % Correct
2023 Last Christmas Wham!
96%
1984 Do They Know It's Christmas? Band Aid
86%
1989 Do They Know It's Christmas? Band Aid II
86%
2004 Do They Know It's Christmas? Band Aid 20
86%
1994 Stay Another Day East 17
79%
1988 Mistletoe and Wine Cliff Richard
75%
1996 2 Become 1 Spice Girls
68%
1975 Bohemian Rhapsody Queen
68%
1991 Bohemian Rhapsody / These Are The Days of Our Lives Queen
68%
1978 Mary's Boy Child / Oh My Lord Boney M.
68%
1993 Mr Blobby Mr Blobby
68%
1992 I Will Always Love You Whitney Houston
64%
1957 Mary's Boy Child Harry Belafonte
64%
1985 Merry Christmas Everyone Shakin' Stevens
64%
2000 Can We Fix It? Bob The Builder
57%
1981 Don't You Want Me The Human League
57%
2008 Hallelujah Alexandra Burke
57%
2009 Killing In The Name Rage Against The Machine
57%
2002 Sound of The Underground Girls Aloud
57%
2006 A Moment Like This Leona Lewis
54%
1995 Earth Song Michael Jackson
54%
2001 Somethin' Stupid Robbie Williams and Nicole Kidman
54%
1974 Lonely This Christmas Mud
50%
1973 Merry Xmas Everybody Slade
50%
1983 Only You The Flying Pickets
50%
2016 Rockabye Clean Bandit ft Sean Paul and Anne-Marie
50%
1990 Saviour's Day Cliff Richard
50%
1998 Goodbye Spice Girls
46%
2003 Mad World Michael Andrews and Gary Jules
46%
1977 Mull of Kintyre / Girls' School Wings
46%
2005 That's My Goal Shayne Ward
46%
1969 Two Little Boys Rolf Harris
46%
1987 Always On My Mind Pet Shop Boys
43%
1979 Another Brick in the Wall Pink Floyd
43%
2019 I Love Sausage Rolls Ladbaby
43%
2017 Perfect Ed Sheeran
43%
1986 Reet Petite Jackie Wilson
43%
2013 Skyscraper Sam Bailey
43%
2018 We Built This City Ladbaby
43%
1976 When A Child Is Born Johnny Mathis
43%
2010 When We Collide Matt Cardle
43%
1952 Here In My Heart Al Martino
39%
1999 I Have A Dream / Seasons in the Sun West Life
39%
2021 Sausage Rolls For Everyone Ladbaby ft Ed Sheeran and Elton John
39%
1980 There's No One Quite Like Grandma St Winifred's School Choir
39%
1997 Too Much Spice Girls
39%
2007 When You Believe Leon Jackson
39%
1971 Ernie (The Fastest Milkman in the West) Benny Hill
36%
1966 Green, Green Grass of Home Tom Jones
32%
1972 Long Haired Lover From Liverpool Jimmy Osmond
32%
1982 Save Your Love Renée and Renato
32%
1965 Day Tripper / We Can Work It Out The Beatles
29%
2012 He Ain't Heavy, He's My Brother The Justice Collective
29%
1968 Lily The Pink The Scaffold
29%
2011 Wherever You Are Military Wives with Gareth Malone
29%
1970 I Hear You Knocking Dave Edmunds
25%
1963 I Want To Hold Your Hand The Beatles
25%
1955 Christmas Alphabet Dickie Valentine
21%
2014 Something I Need Ben Haenow
21%
2015 A Bridge Over You Lewisham and Greenwich NHS Choir
18%
2020 Don't Stop Me Eatin' Ladbaby
18%
2022 Food Aid Ladbaby
18%
1962 Return To Sender Elvis Presley
18%
1960 I Love You Cliff Richard and The Shadows
14%
1961 Moon River Danny Williams
14%
1967 Hello, Goodbye The Beatles
11%
1964 I Feel Fine The Beatles
11%
1958 It's Only Make Believe Conway Twitty
11%
1959 What Do You Want to Make Those Eyes at Me For Emile Ford and The Checkmates
11%
1953 Answer Me Frankie Laine
7%
1956 Just Walkin' in the Rain Johnnie Ray
7%
1954 Let's Have Another Party Winifred Atwell
7%
No matching quizzes found
Score Distribution
Percent of People with Each Score
Percentile by Number Answered
Your Score History
You have not taken this quiz since the last reset